سیاہ فام ادب / (Record no. 109091)

MARC details
000 -LEADER
fixed length control field 00911nam a22002657a 4500
005 - DATE AND TIME OF LATEST TRANSACTION
control field 20170123162349.0
010 ## - LIBRARY OF CONGRESS CONTROL NUMBER
LC control number A-794936
020 ## - INTERNATIONAL STANDARD BOOK NUMBER
Terms of availability 40.00
035 ## - SYSTEM CONTROL NUMBER
System control number A-794936
037 ## - SOURCE OF ACQUISITION
Source of stock number/acquisition Cen Lib/Ret
040 ## - CATALOGING SOURCE
Original cataloging agency DPL
Language of cataloging UR
082 ## - DEWEY DECIMAL CLASSIFICATION NUMBER
Classification number 848
Item number ش م ی
100 ## - MAIN ENTRY--PERSONAL NAME
Personal name شمیم حنفی
9 (RLIN) 135259
245 ## - TITLE STATEMENT
Title سیاہ فام ادب /
Statement of responsibility, etc شمیم حنفی و سہیل احمد فاروقی
246 ## - VARYING FORM OF TITLE
Title proper/short title Siyah fam adab /
Remainder of title by Shamim Hanfi [and] Suhail Ahmad Farooqi
260 ## - PUBLICATION, DISTRIBUTION, ETC. (IMPRINT)
Place of publication, distribution, etc نیی دہلی
Name of publisher, distributor, etc مکتبہ جامہ لمیٹڈ
Date of publication, distribution, etc 1995
270 ## - ADDRESS
City نیی دہلی
Address جامہ نگر
Postal code 110025
300 ## - PHYSICAL DESCRIPTION
Extent 120p.
Dimensions 21cm(Hb)
650 ## - SUBJECT ADDED ENTRY--TOPICAL TERM
Topical term or geographic name as entry element ادب -- اردو
9 (RLIN) 135260
650 ## - SUBJECT ADDED ENTRY--TOPICAL TERM
Topical term or geographic name as entry element اردو مضامین
9 (RLIN) 135261
650 ## - SUBJECT ADDED ENTRY--TOPICAL TERM
Topical term or geographic name as entry element Literature -- Urdu
9 (RLIN) 135262
650 ## - SUBJECT ADDED ENTRY--TOPICAL TERM
Topical term or geographic name as entry element Urdu articles
9 (RLIN) 135263
700 ## - ADDED ENTRY--PERSONAL NAME
Personal name فاروقی، سہیل احمد
9 (RLIN) 108766
942 ## - ADDED ENTRY ELEMENTS (KOHA)
Source of classification or shelving scheme Dewey Decimal Classification
Koha item type Urdu Bks
Classification part 848
Call number suffix ش م ی
Holdings
Withdrawn status Lost status Damaged status Not for loan Home library Current library Date acquired Source of acquisition Cost, normal purchase price Total Checkouts Full call number Barcode Date last seen Copy number Cost, replacement price Price effective from Koha item type
        Central Library Central Library 19/02/2016 Cen Lib/Ret 40.00   848 ش م ی A-794936 19/02/2016 1 40.00 19/02/2016 Urdu Bks

© Delhi Public Library
Hit Counter
free hit counter